ბათუმის შოთა რუსთაველის სახელმწიფო უნივერსიტეტის ბიბლიოთეკა

ფორთოხლის წვენის ნატურალობის მახასიათებელი : (ბიბ.ჩანაწერი № 47197)

000 -ლიდერი
ფიქსირებული სიგრძის საკონტროლო ველი 01581nam a2200265Ia 4500
001 - საკონტროლო ნომერი
საკონტროლო ველი 14056
003 - საკონტროლო ნომრის იდენტიფიკატორი
საკონტროლო ველი GE_BSU
005 - ბოლო ოპერაციის თარიღი და დრო
საკონტროლო ველი 20210423172011.0
008 - ფიქსირებული სიგრძის მონაცემთა ელემენტები - ზოგადი ინფორმაცია
ფიქსირებული სიგრძის საკონტროლო ველი 181216s2013||||ge |||||||||||||| ||geo||
040 ## - კატალოგიზაციის წყარო
Transcribing agency GE_BSU
041 ## - ენის კოდი
Language code of text/sound track or separate title geo
080 ## - უნივერსალური ათობითი კლასიფიკაციის ინდექსი
Universal Decimal Classification number 634.31 გ-69
100 ## - მთავარი ჩანაწერი - პიროვნების სახელი
Personal name გორგილაძე, მირანდა
9 (RLIN) 5977
245 ## - ცნობა სათაურის შესახებ
Title ფორთოხლის წვენის ნატურალობის მახასიათებელი :
Remainder of title პარამეტრების დადგენა და მათი განსაზღვრის მეთოდიკების შემუშავება /
Statement of responsibility, etc მირანდა გორგილაძე; სამეც.ხელ-ლი ეთერ ნიჟარაძე, გურამ პაპუნიძე.
264 ## - წარმოების, გამოცემის, დისტრიბუციის და სხვა ცნობები
გამოცემის, წარმოების, დისტრიბუციის... ადგილი ბათუმი
გამოცემის, წარმოების, დისტრიბუციის... თარიღი 2013
300 ## - ფიზიკური აღწერა
Extent 73 გვ.
520 ## - SUMMARY, ETC.
Summary, etc აგრარულ მეცნიერებათა დოქტორის აკად ხარისხის მოსაპოვ.წარმოდგ. დისერტაციის ანოტაცია
653 ## - INDEX TERM--UNCONTROLLED
Uncontrolled term სოფლის მეურნეობა
653 ## - INDEX TERM--UNCONTROLLED
Uncontrolled term მებაღეობა
653 ## - INDEX TERM--UNCONTROLLED
Uncontrolled term ფორთოხლის წვენისმა ხასიათებელები
700 ## - ADDED ENTRY--PERSONAL NAME
Personal name ნიჟარაძე, ეთერ
Relator term სამეც. ხელ-ლი
9 (RLIN) 5978
700 ## - ADDED ENTRY--PERSONAL NAME
Personal name პაპუნიძე, გურამ
Relator term სამეც. ხელ-ლი
9 (RLIN) 5979
942 ## - ADDED ENTRY ELEMENTS (KOHA)
Koha item type წიგნი
Source of classification or shelving scheme
ეგზემპლარები
ჩამოწერის სტატუსი დაკარგული ეგზემპლარის სტატუსი კლასიფიკაციის წყარო ან თაროზე გაწყობის სქემა დაზიანების სტატუსი არ გაიცემა მუდმივი მდებარეობა (დაცვის ადგილი) ამჟამინდელი ადგილსამყოფელი თაროზე განთავსების ადგილი შეძენის თარიღი ღირებულება, შესყიდვის ნორმალური ფასი სრული შენახვის შიფრი შტრიხკოდი ბოლო ოპერაციის თარიღი ეგზემპლარის მიმდევრობითი ნომერი (კეტერი?) ფასის ძალაში შესვლის თარიღი ეგზემპლარის სახეობა საჯარო შენიშვნა
          ბათუმის შოთა რუსთაველის სახელმწიფო უნივერსიტეტის მთავარი ბიბლიოთეკა ბათუმის შოთა რუსთაველის სახელმწიფო უნივერსიტეტის მთავარი ბიბლიოთეკა წიგნსაცავი 2018-12-17 4.81 634.31 გ-69 7198 2018-12-17 7198 2018-12-17 წიგნი 4 ლ. 81 თ.
          ბათუმის შოთა რუსთაველის სახელმწიფო უნივერსიტეტის მთავარი ბიბლიოთეკა ბათუმის შოთა რუსთაველის სახელმწიფო უნივერსიტეტის მთავარი ბიბლიოთეკა წიგნსაცავი 2018-12-17 4.81 634.31 გ-69 7199 2018-12-17 7199 2018-12-17 წიგნი 4 ლ. 81 თ.
          ბათუმის შოთა რუსთაველის სახელმწიფო უნივერსიტეტის მთავარი ბიბლიოთეკა ბათუმის შოთა რუსთაველის სახელმწიფო უნივერსიტეტის მთავარი ბიბლიოთეკა წიგნსაცავი 2018-12-17 4.81 634.31 გ-69 7200 2018-12-17 7200 2018-12-17 წიგნი 4 ლ. 81 თ.
          ბათუმის შოთა რუსთაველის სახელმწიფო უნივერსიტეტის მთავარი ბიბლიოთეკა ბათუმის შოთა რუსთაველის სახელმწიფო უნივერსიტეტის მთავარი ბიბლიოთეკა წიგნსაცავი 2018-12-17 4.81 634.31 გ-69 7201 2018-12-17 7201 2018-12-17 წიგნი 4 ლ. 81 თ.
          ბათუმის შოთა რუსთაველის სახელმწიფო უნივერსიტეტის მთავარი ბიბლიოთეკა ბათუმის შოთა რუსთაველის სახელმწიფო უნივერსიტეტის მთავარი ბიბლიოთეკა წიგნსაცავი 2018-12-17 4.81 634.31 გ-69 7202 2018-12-17 7202 2018-12-17 წიგნი 4 ლ. 81 თ.